|
|
|
|
| LEADER |
01645pam a22003498a 4500 |
| 001 |
00032797 |
| 005 |
20171026081023.0 |
| 008 |
141127s2013 ||||||viesd |
| 020 |
# |
# |
|c 30000
|
| 041 |
0 |
# |
|a vie
|
| 082 |
1 |
4 |
|a 660.283
|b GI108TR
|
| 100 |
1 |
# |
|a Nguyễn, Tấn Dũng
|e Chủ biên
|
| 245 |
1 |
0 |
|p Phần 3 Các quá trình và thiết bị làm lạnh và làm lạnh đông
|a Giáo trình quá trình và thiết bị công nghệ hóa học và thực phẩm
|c Nguyễn Tấn Dũng
|n Tập 2 Quá trình và thiết bị truyền nhiệt
|
| 260 |
# |
# |
|a T.P. Hồ Chí Minh
|b Đại học Quốc gia T.P. Hồ Chí Minh
|c 2013
|
| 300 |
# |
# |
|a 406 tr.
|c 24 cm.
|
| 500 |
# |
# |
|a ĐTTS ghi: Bộ Giáo dục và Đào tạo. Trường đại học Sư phạm Kỹ thuật thành phố Hồ Chí Minh. - Tên sách ngoài bìa: Giáo trình quá trình và thiết bị công nghệ hoá học và thực phẩm
|
| 504 |
# |
# |
|a Thư mục: tr. 297-298
|
| 653 |
# |
# |
|a Kỹ thuật
|
| 653 |
# |
# |
|a Công nghệ
|
| 653 |
# |
# |
|a Làm lạnh
|
| 653 |
# |
# |
|a Truyền nhiệt
|
| 653 |
# |
# |
|a Thực phẩm
|
| 653 |
# |
# |
|a Thiết bị
|
| 653 |
# |
# |
|a Máy nén
|
| 852 |
# |
# |
|j KGT.0048085
|j KGT.0048086
|j KD.0016346
|j KGT.0048084
|j KGT.0048087
|
| 852 |
# |
# |
|j KD.0016346
|b Kho đọc
|
| 852 |
# |
# |
|b Kho mượn
|j KGT.0048084
|
| 852 |
# |
# |
|b Kho giáo trình
|j KGT.0048084, KGT.0048085, KGT.0048086, KGT.0048087
|
| 910 |
|
|
|d 27/11/2014
|
| 980 |
# |
# |
|a Trung tâm Học liệu Lê Vũ Hùng, Trường Đại học Đồng Tháp
|